| 000 | 00607nam a22002057a 4500 | ||
|---|---|---|---|
| 003 | KOHA_MİRAKIL | ||
| 005 | 20260330105802.0 | ||
| 008 | 260325b tu ||||| |||| 00| 0 tur d | ||
| 020 | _a9786257163279 | ||
| 040 |
_aTR-AnABB _btur _cTR-AnABB |
||
| 041 | _atur | ||
| 082 |
_a174.3 _bCAL 2021 |
||
| 100 | 1 | _aCalkıngs, Mary Whıton | |
| 245 | 1 | 0 |
_aİyi İnsan ve İyi Etiğe giriş / _cMary Whıton Calkıngs; Türkçesi: Tamer Çetin |
| 260 |
_aİzmir: _bCem Yayınevi , _c2021 |
||
| 300 |
_a144 sayfa : _c20 cm |
||
| 650 | 0 | 4 | _aEtik |
| 900 | _bCan ÇELIK | ||
| 942 |
_2ddc _cBK |
||
| 999 |
_c10035 _d10035 |
||